000 00758nam a22002770a 4500
001 PT36887
003 AR-LpoUNG
005 20210131230411.0
008 191001s1996||||mx |||||||||||||||||spa d
020 _a9681642317
_c$11
040 _aAR-LpoUNG
_bspa
_cAR-LpoUNG
_eaacr
041 _aspa
044 _amx
082 0 _a808.068 3 263eno
100 1 _aCarballido, Emilio
245 1 3 _aUn enorme animal nube
250 _a1§ edición
260 _aMéxico, D. F. :
_bFondo de Cultura Económica,
_c1996.
300 _a[30] p. :
_bil.
505 0 _aSugerido a partir de 8 años (etiqueta CELESTE)
650 4 _aCUENTOS
653 _aLITERATURA INFANTIL
700 1 _aHernández Amezcua, José Antonio
_eil.
905 _a36887
942 _cLIB
999 _c3166
_d3166